000 01845nam a2200361 c 4500
001 57722
003 CO-BoRNBP
005 20250729145203.0
007 ta
008 140930s2012 ck a|||br||| 00| 0jsspadd
020 _a9789588654270
040 _aCO-BoRNBP
_bspa
_erda
_cCO-BoRNBP
041 1 _aspa
_heng
084 _aA
100 _aBrown, Ruth,
_d1941-
_eaut
_961430
245 1 0 _aDiez semillas /
_ctexto e ilustraciones Ruth Brown ; traducción Mary Luz Ponce.
250 _aEdición especial para el Ministerio de Cultura
264 1 _aBogotá, Colombia :
_bColsubsidio,
_c2012
300 _a[21] páginas sin enumerar :
_bilustraciones a color
336 _atexto
_btxt
_2rdacontenido
337 _asin mediación
_bn
_2rdamedio
338 _avolumen
_bnc
_2rdasoporte
490 0 _aLeer es mi cuento
520 _aUn niño hace 10 agujeritos en la tierra en los que coloca 10 semillas de girasol y espera a que la naturaleza siga su curso: que las semillas broten y se conviertan en 10 grandes flores amarillas. Pero los lectores comprobarán que no ocurren así las cosas. A medida que vemos cómo las semillas germinan y crecen, vemos cómo diferentes animales y circunstancias van haciendo desaparecer las plantas. Se establece un juego que mantiene la tensión del lector y los niños pequeños podrán aprender cómo se comporta la naturaleza
521 _aRecomendado para niños desde los 3 años
534 _tTen seeds
650 0 7 _aAnimales en la literatura
_2lemb
_9853
650 0 7 _aLiteratura infantil inglesa
_ysiglo xx
_2lemb
_9701
650 0 7 _aVida cotidiana
_2lemb
_913278
700 _aPonce Hernández, May Luz
_etrl
_961431
830 0 _aColección para la Primera Infancia del Ministerio de Cultura, Plan Nacional de Lectura y Escritura Leer es mi cuento, Primera Infancia 2012
_961432
942 _2loc
_cBKLITI
999 _c57722
_d57722